| 000 | 00875nam a2200289Ia 4500 | ||
|---|---|---|---|
| 008 | 170203s9999 xx 000 0 und d | ||
| 020 | _a0 753405083 | ||
| 050 | _a0 30 | ||
| 050 | _bW876i 1996 | ||
| 100 | _aWood, Jenny. | ||
| 245 | _aKangaroos have pouches and other questions about baby animals / | ||
| 245 | _cJenny Wood. | ||
| 260 | _aDanbury, Connecticut : | ||
| 260 | _bGrolier, | ||
| 260 | _c2005 | ||
| 300 | _a32 pages : | ||
| 300 | _bcolor illustrations ; | ||
| 300 | _c29 cm. | ||
| 440 | _aI wonder why series. | ||
| 500 | _aOriginally published: London : Kingfisher, c1996. | ||
| 650 | _aAnimals -- Infancy -- | ||
| 650 | _aChildren's questions and answers. | ||
| 650 | _aParental behavior in animals -- | ||
| 650 | _xJuvenile literature. | ||
| 650 | _xJuvenile literature. | ||
| 700 | _aI wonder why kangaroos have pouches. Title. | ||
| 999 |
_c305636 _d305636 |
||